000 01901nim a2200373 i 4500
001 197210
003 ES-MaACL
005 20250828062559.0
007 ss lsnjlcipnne
008 250424s1990 sp nnnn |||| 00| spa d
040 _bspa
_cES-MaACL
100 1 _aLascaris, Juan Arcadio
_970424
_eaut
245 _aLa orden bizantina de San Eugenio de Trebizonda por Juan Arcadio Láscaris Gomneno
_h[Grabación sonora] :
_bconferencia /
_cpresenta José María de Montells y Galán ; modera, Fernando de Arco García.
260 _aMadrid :
_bAteneo de Madrid,
_c1990.
300 _a1 casete (ca. 90 min) :
_bson ;
_c11 cm
490 1 _3Actos culturales en el Ateneo de Madrid
518 _aGrabado el 23 de mayo de 1990 en el Salón de Actos del Ateneo de Madrid.
520 _aPresentación de la colección Biblioteca Universitaria con la conferencia "La orden bizantina de San Eugenio de Trebizonda", por Juan Arcadio Láscaris Gomneno. Presenta José María de Montells y Galán: modera Fernando de Arco García, director de Actos Culturales y Publicaciones de la Agrupación.
540 _aDocumento inédito
594 _5Datos basados en la invitación.
610 2 0 _aAteneo de Madrid-
_xActos culturales-
_y1990-
_vGrabaciones sonoras
_9240083
650 4 _913603
_aImperio bizantino-
_xHistoria
653 _aArchivo de la palabra
655 0 _aConferencias
_9234444
700 0 _aMontells y Galán, José María de
_epres
_982449
700 1 _aArco y García, Fernando del,
_emod
_922508
_d1923-2020
710 2 _91875
_aAteneo de Madrid
_ehis
710 2 _91277
_aAgrupación Ateneísta de Estudios Vexilológicos, Heráldicos y Genealógicos (Madrid)
_eclb
830 0 _aActos culturales en el Ateneo de Madrid
_9240237
852 _aES-MaACL
_cDEPOZ
_9205304
942 _2udc
_n0
_cCINTASAUD
999 _c197210
_d197210